000 00300nam a2200121Ia 4500
005 20250409180903.0
008 250409s9999||||xx |||||||||||||| ||und||
100 _aROSIE, THOMAS
245 0 _aURANGUNNA SIMHAM
260 _bD C BOOKS,
_aKOTTAYAM:
650 _vMalayalam Literary Studies
942 _cBOOK
999 _c1897
_d1897